Lurcott v Wakely & Wheeler (Record no. 20115)

MARC details
000 -LEADER
fixed length control field 00689cab a2200205 4500
001 - CONTROL NUMBER
control field A568
008 - FIXED-LENGTH DATA ELEMENTS--GENERAL INFORMATION
fixed length control field 090401t1911 xxu||||| |||| 00| 0 eng d
035 ## - SYSTEM CONTROL NUMBER
System control number (Sirsi) u29904
041 ## - LANGUAGE CODE
Language code of text/sound track or separate title eng
245 ## - TITLE STATEMENT
Title Lurcott v Wakely & Wheeler
260 ## - PUBLICATION, DISTRIBUTION, ETC.
Date of publication, distribution, etc. 1911
350 ## - PRICE (NR) (BK AM CF MU VM SE) [OBSOLETE]
Price 0
490 ## - SERIES STATEMENT
Series statement Law Reports - Kings Bench Division
Volume/sequential designation (1911) 1 KB 905-927(23)
520 ## - SUMMARY, ETC.
Summary, etc. Landlord and tenant - repairs - lessee`s covenant - `keep in thorough repair and good condition` - old building - natural decay - dangerous structure notice - rebuilding - liability of lessee.
650 ## - SUBJECT ADDED ENTRY--TOPICAL TERM
Topical term or geographic name entry element LEASES
650 ## - SUBJECT ADDED ENTRY--TOPICAL TERM
Topical term or geographic name entry element REPAIR COVENANTS
690 ## - LOCAL SUBJECT ADDED ENTRY--TOPICAL TERM (OCLC, RLIN)
Topical term or geographic name as entry element LANDLORD AND TENANT-CASE LAW
942 ## - ADDED ENTRY ELEMENTS (KOHA)
Suppress in OPAC 0
948 ## - LOCAL PROCESSING INFORMATION (OCLC); SERIES PART DESIGNATOR (RLIN)
c (OCLC) 04/03/1997
Holdings
Withdrawn status Lost status Source of classification or shelving scheme Damaged status Not for loan Home library Current library Shelving location Date acquired Total Checkouts Full call number Barcode Date last seen Copy number Price effective from Koha item type
    Dewey Decimal Classification     London London Journal article 14/09/1999   A568 29904-1001 06/08/2019 1 06/08/2019 Law report